000
00307nam a2200121Ia 4500
008
250718s9999 xx 000 0 und d
100
_a
CHANDRAMOULI, A.
245
0
_a
ARJUNA SAGA OF A PANDWA WARRIER PRINCE
260
_b
PLATINUM PRESS, MUMBAI
_c
2013
300
_a
363
650
_a
Religion
942
_c
BK
999
_c
222625
_d
222625